NFL MVP'S Sudden Death - Statistics

General Stats
  • This quiz has been taken 1,279 times
  • The average score is 8 of 15
Answers on the Grid
Answers color-coded by a green-red scale on the quiz's grid according to % correct below.
Drew Brees
Josh Allen
Payton Manning
Barry Sanders
Aaron Rodgers
Otto Graham
Isiah Pacheco
George Kittle
Eli Manning
Jim Brown
Richard Sherman
Marshawn Lynch
Russell Wilson
Johnny Unitas
Marvin Harrison
Michael Vick
Matt Ryan
Joe Theissman
Joe Flacco
Tom Brady
Rob Gronkowski
Reggie White
Lamar Jackson
Patrick Mahomes
Jamaal Charles
Joe Montana
Brett Favre
Joe Burrow
Shaun Alexander
Jamar Chase
 
Answer Stats
Answer % Correct
Josh Allen
86%
Payton Manning
79%
Aaron Rodgers
77%
Tom Brady
59%
Patrick Mahomes
58%
Lamar Jackson
55%
Barry Sanders
54%
Joe Montana
46%
Matt Ryan
43%
Jim Brown
42%
Brett Favre
41%
Johnny Unitas
34%
Otto Graham
34%
Shaun Alexander
32%
Joe Theissman
26%
No matching quizzes found
Score Distribution
Percent of People with Each Score
Percentile by Number Answered
Your Score History
You have not taken this quiz